• 首页
  • 本馆介绍
  • 公告通知
  • 最新文献
  • 馆藏检索
  • 电子资源
  • 读者导购
  • 参考咨询
  • 我的图书馆
  • 登录
  • 详细信息显示
  • 放入我的书架
  • 预约/预借图书
  • 作者相关作品
  • 分类相关作品
  • 丛书相关作品
  • 出版社相关作品

书目信息

  • 表格格式
  • 工作单格式
  • 卡片格式
题名:
电子电路分析制作与测试
    
 
作者: 孙刚 , 徐瑞亚 主编
分册:  
出版信息: 大连   大连理工大学出版社  2016.12
页数: 272页
开本: 26cm
丛书名:
单 册:
中图分类: TN7 , TN710
科图分类:
主题词: 电子电路--电路分析--高等职业教育--教材 , 电子电路--制作--高等职业教育--教材 , 电子电路--电路测试--高等职业教育--教材
电子资源:
ISBN: 978-7-5685-0675-5
000 01202nam0 2200301 450
001 0400003765
005 20171022135509.0
010    @a978-7-5685-0675-5@dCNY38.80
100    @a20170524d2016 em y0chiy50 ea
101 0  @achi
102    @aCN@b210000
105    @aa z 000yy
106    @ar
200 1  @a电子电路分析制作与测试@9dian zi dian lu fen xi zhi zuo yu ce shi@f主编孙刚,徐瑞亚
210    @a大连@c大连理工大学出版社@d2016.12
215    @a272页@c图@d26cm
300    @a“十二五”职业教育国家规划教材
304    @a新世纪高职高专教材编审委员会组编
330    @a本书内容包括:二极管电路的分析与测试、三极管电路的分析与测试、场效应管电路的分析与测试、立体声调音控制器的制作与调试、音频功率放大器的制作与调试、直流稳压电源的制作与调试、基本逻辑电路的分析与测试、组合逻辑电路分析与测试、计数器的设计与调试、数模转换和模数转换电路分析与测试。
606 0  @a电子电路@x电路分析@x高等职业教育@j教材
606 0  @a电子电路@x制作@x高等职业教育@j教材
606 0  @a电子电路@x电路测试@x高等职业教育@j教材
690    @aTN7@v5
690    @aTN710@v5
701  0 @a孙刚@9sun gang@4主编
701  0 @a徐瑞亚@9xu rui ya@4主编
801  0 @aCN@b91MARC@c20171022
905    @b1034241-5@dTN7@f5@e339
    
    电子电路分析制作与测试/主编孙刚,徐瑞亚.-大连:大连理工大学出版社,2016.12
    272页:图;26cm
    “十二五”职业教育国家规划教材
    
    ISBN 978-7-5685-0675-5:CNY38.80
    本书内容包括:二极管电路的分析与测试、三极管电路的分析与测试、场效应管电路的分析与测试、立体声调音控制器的制作与调试、音频功率放大器的制作与调试、直流稳压电源的制作与调试、基本逻辑电路的分析与测试、组合逻辑电路分析与测试、计数器的设计与调试、数模转换和模数转换电路分析与测试。
●
相关链接 在E读中查询图书 在五车中查询图书 在当当中查询图书 在豆瓣中查询图书


正题名:电子电路分析制作与测试     索取号:TN7/339         预约/预借

序号 登录号 条形码 馆藏地/架位号 状态 备注
1 1034241   210342413   第二样本阅览室/ [索取号:TN7/339] 在馆    
2 1034242   210342422   密集书库-物理学院/ [索取号:TN7/339] 在馆    
3 1034243   210342431   第三借阅区/ [索取号:TN7/339] 在馆    
4 1034244   210342440   第三借阅区/ [索取号:TN7/339] 在馆    
5 1034245   210342459   第三借阅区/ [索取号:TN7/339] 在馆    
唐山师范学院图书馆 欢迎您!
大连网信软件有限公司© 版权所有